00473nam a2200133 a 4500008004100000050002100041100002800062245006100090260005900151300002000210350000900230500004700239650005300286120416s1987 ||||||||||||||||| || u aNA 1596.6.L4 Pro aProchazkova-Costa, Dana10aPreservation of historical buildings and sites in Maseru aMaserubDepartment of lands, surveys and physicac1987 a4, 116p. : ill. a0.00 aMaseru development plan working paper NR3A aHISTORIC BUILDINGS--CONSERVATION AND RESTORATION